Gaston Gallimard : a half-century of French publishing /

Bibliographic Details
Main Author: Assouline, Pierre
Format: Book
Language:English
Published: San Diego : Harcourt, Brace, Jovanovich, [1988]
Edition:1st U.S. ed.
Subjects:

MARC

Tag First Indicator Second Indicator Subfields
LEADER 00000cam a2200000 a 4500
001 in00000031932
005 20151007054958.0
008 870210r1988 cauaf b 00110beng
010 |a  87000202  
020 |a 0151342938 
035 |a (OCoLC)15252806 
035 |9 AAB6829AM 
040 |a DLC  |c DLC  |d TXA  |d UtOrBLW 
041 1 |a eng  |h fre 
043 |a e-fr--- 
049 |a TXAM  |c [A11532253] 
050 0 0 |a Z305.G3  |b A8713 1988 
082 0 |a 070.5/092/4  |a B  |2 19 
100 1 |a Assouline, Pierre. 
240 1 0 |a Gaston Gallimard.  |l English 
245 1 0 |a Gaston Gallimard :  |b a half-century of French publishing /  |c Pierre Assouline ; translated by Harold J. Salemson. 
250 |a 1st U.S. ed. 
264 1 |a San Diego :  |b Harcourt, Brace, Jovanovich,  |c [1988] 
264 4 |c ©1988 
300 |a xv, 430 pages, 16 unnumbered pages of plates :  |b illustrations ;  |c 24 cm. 
336 |a text  |b txt  |2 rdacontent 
337 |a unmediated  |b n  |2 rdamedia 
338 |a volume  |b nc  |2 rdacarrier 
500 |a Translation of: Gaston Gallimard. 
500 |a "A Helen and Kurt Wolff book." 
504 |a Bibliography: pages 404-415. 
500 |a Includes index. 
600 1 0 |a Gallimard, Gaston,  |d 1881-1975. 
650 0 |a Publishers and publishing  |z France  |v Biography. 
650 0 |a Publishers and publishing  |z France  |x History  |y 20th century. 
650 0 |a French literature  |x Publishing  |x History  |y 20th century. 
651 0 |a France  |x Intellectual life  |y 20th century. 
999 |a MARS 
999 f f |s b0430afa-e19a-3017-b7e2-07d7f3f71d70  |i a4b82565-d395-3157-bb2a-761ce8777104  |t 0 
952 f f |p ric  |a Texas A&M University  |b Rellis Campus  |c Joint Library Facility  |d Remote Storage  |t 0  |e Z305.G3 A8713 1988  |h Library of Congress classification  |i unmediated -- volume  |m A14811532253 
998 f f |a Z305.G3 A8713 1988  |t 0  |l Remote Storage